000 00571nam a2200229 a 4500
999 _c1892
_d1892
001 1892
003 BD-JhCC
005 20171026085822.0
008 171026s1953 i |||| ||a| 000 0 eng d
020 _a0340893117
035 _a(BD-JhCC) 1892
040 _aBD-JhCC
_dBD-JhCC
041 _aeng
082 _a808.387
_bBLY 1953
100 _aBlyton, Enid
245 _aGo Ahead, secret seven /
_cEnid Blyton
260 _aIndia :
_bHodder Childrens Books ,
_c1953
300 _a138 p .:
_c18 cm .
650 _aAdvanture Stories
942 _2ddc
_cBK